000
00247nam a22001217a 4500
008
170713b xxu||||| |||| 00| 0 eng d
041
_a
eng
080
_a
101
100
_a
24
101
_a
FIL
245
_a
ALCHEMY
_c
COUDERT, A
942
_2
udc
_c
BK
999
_c
20526
_d
20526